00355pab a2200145 454500008004000000100001900040245003900059260000900098300001300107362001100120650001300131700001000144700002100154773003400175180718b2011 xxu||||| |||| 00| 0 eng d aRangarajan, C. aWhere is the missing labour force? c2011 ap.68-72. a24 Sep aManpower aSeema aKaul, Padma Iyer aEconomic and Political Weekly